000 01378cam a2200385 a 4500
001 1114206
003 OSt
005 20140310181947.0
008 930526s1992 enk 000 0 eng
010 _a 93159075
020 _a9780195854299
040 _aDLC
_cDLC
_dDLC
050 0 0 _aPR 5482
_b.St847 1992
082 0 0 _aKF
_bSt4o #4
100 1 _aStevenson, Robert Louis,
_d1850-1894.
_94080
245 1 4 _aDr. Jekyll and Mr. Hyde and other stories /
_cRobert Louis Stevenson.
260 _aHong Kong :
_bOxford University Press,
_cc1992.
300 _a105 p. :
_c21 cm.
_bill. ;
490 0 _aEveryman's library
500 _aIncludes bibliographical references.
541 _j1
541 _j2
562 _e2
650 0 _aPhysicians
_vFiction.
_94081
650 0 _aMultiple personality
_vFiction.
_94082
650 0 _aSelf-experimentation in medicine
_vFiction.
_94083
651 0 _aLondon (England)
_vFiction.
_94084
655 7 _aPsychological fiction.
_2lcsh
_92883
655 7 _aHorror fiction.
_2gsafd
_93405
700 1 _aHarman, Claire.
_94085
856 4 2 _3Contributor biographical information
_uhttp://www.loc.gov/catdir/enhancements/fy1011/93159075-b.html
906 _a7
_bcbc
_corignew
_d3
_encip
_f19
_gy-gencatlg
942 _2lcc
_cBK-KF
_kKF
999 _c7801
_d7801